Régions de France par photos - Facile - Statistiques

Statistiques générales
  • Ce quiz a été pris 147 fois
  • Le résultat moyen est 11 sur 13
Statistiques - réponses
Par images Réponse % Correct
Ile de France
96%
Bretagne
95%
Normandie
94%
Provence Alpes Cote-d'Azur
86%
Grand Est
85%
Hauts de France
84%
Nouvelle-Aquitaine
81%
Occitanie
81%
Corse
77%
Auvergne Rhone-Alpes
74%
Bourgogne Franche-Comté
73%
Pays de la Loire
72%
Centre-Val de Loire
69%
Aucun quiz correspondant
Distribution des résultats
% des personnes avec chaque résultat
Percentile par nombre de réponses
Votre historique - résultats
Vous n’avez pas pris ce quiz